| 000 | 01041nam a2200241 a 4500 | ||
|---|---|---|---|
| 001 | 000045236 | ||
| 005 | 20201002050006.0 | ||
| 008 | 150212s1995 dr 000 0 spa d | ||
| 040 |
_aDO-SdBNP _bspa _cBNPHU |
||
| 082 |
_axxxx _bxxxx |
||
| 100 | 1 |
_aPrice-Mars, Jean. _973256 |
|
| 245 | 1 | 3 |
_aLa República de Haití y la República Dominicana : _bdiversos aspectos de un problema histórico, geográfico y etnológico / _cJean Price-Mars ; traducción de Martín Aldao y José Luis Muñoz Azpiri. |
| 250 | _a3a ed. | ||
| 260 |
_aSanto Domingo : _bSociedad Dominicana de Bibliofilos, _c1995. |
||
| 300 |
_axxi, 879 p. ; _c24 cm. |
||
| 490 | 1 | _aSociedad Dominicana de Bibliófilos | |
| 500 | _aIncluye índice onomástico | ||
| 500 | _aReimpresión de la primera versión española con nueva introducción | ||
| 500 | _aIncluye referencias bibliográficas y notas al pie de las páginas | ||
| 700 | 1 | 2 |
_aAldao, Martín, _etr. _973257 |
| 700 | 1 | 2 |
_aMuñoz Azpiri, José Luis, _etr. _973258 |
| 830 | 0 |
_aSociedad Dominicana de Bibliófilos _9889 |
|
| 999 |
_c44725 _d44725 |
||